000
00303nam a2200133Ia 4500
005
20251222141852.0
008
251222s9999||||xx |||||||||||||| ||spa||
082
_a
869.57/C86
100
_a
Coyné, André
245
0
_a
César Moro
250
_a
2a.ed.
264
_b
Ensueño Indescifrable
942
_c
LIB
999
_c
7759
_d
7759